[Event "SUI-chT"]
[Site "Switzerland"]
[Date "2003.09.06"]
[Round "6.2"]
[White "Bauer, Christian"]
[Black "Franzoni, Giancarlo"]
[Result "1/2-1/2"]
[WhiteElo "2617"]
[BlackElo "2438"]
[PlyCount "51"]
[EventDate "2003.03.23"]
[EventType "team-tourn"]
[EventRounds "9"]
[EventCountry "SUI"]
[SourceTitle "EXT 2004"]
[Source "ChessBase"]
[SourceDate "2003.11.25"]
[SourceVersion "1"]
[SourceVersionDate "2003.11.25"]
[SourceQuality "1"]
[WhiteTeam "Biel"]
[BlackTeam "Bern"]
[WhiteTeamCountry "SUI"]
[BlackTeamCountry "SUI"]

1. e4 c5 2. Nf3 e6 3. d4 cxd4 4. Nxd4 Nc6 5. Nc3 Qc7 6. Be3 a6 7. Qd2 Nf6 8. 0-0-0 Bb4 9. f3 Ne5 10. Nb3 b5 11. Kb1 Be7 12. Qf2 d6 13. g4 0-0 14. g5 Nfd7 15. Rg1 Bb7 16. f4 b4 17. Na4 Nc4 18. Bxc4 Qxc4 19. Na5 Qxe4 20. Rd4 Qf3 21. Rxb4 Qxf2 22. Bxf2 Bf3 23. Rg3 Bh1 24. Rg1 Bf3 25. Rg3 Bh1 26. Rg1 1/2-1/2

[Event "SUI-chT"]
[Site "Switzerland"]
[Date "2003.06.22"]
[Round "5.2"]
[White "Franzoni, Giancarlo"]
[Black "Ekstroem, Roland"]
[Result "1/2-1/2"]
[WhiteElo "2438"]
[BlackElo "2476"]
[PlyCount "24"]
[EventDate "2003.03.23"]
[EventType "team-tourn"]
[EventRounds "9"]
[EventCountry "SUI"]
[SourceTitle "EXT 2004"]
[Source "ChessBase"]
[SourceDate "2003.11.25"]
[SourceVersion "1"]
[SourceVersionDate "2003.11.25"]
[SourceQuality "1"]
[WhiteTeam "Bern"]
[BlackTeam "Lugano"]
[WhiteTeamCountry "SUI"]
[BlackTeamCountry "SUI"]

1. e4 g6 2. d4 Bg7 3. Nc3 d6 4. Nf3 Nf6 5. Be2 0-0 6. 0-0 Bg4 7. Be3 Nc6 8. Qd2 e5 9. d5 Ne7 10. h3 Bd7 11. Nh2 c6 12. dxc6 Bxc6 1/2-1/2

[Event "SUI-chT"]
[Site "Switzerland"]
[Date "2003.03.02"]
[Round "1.2"]
[White "Filipovic, Branko"]
[Black "Franzoni, Giancarlo"]
[Result "1/2-1/2"]
[WhiteElo "2431"]
[BlackElo "2438"]
[PlyCount "114"]
[EventDate "2003.03.23"]
[EventType "team-tourn"]
[EventRounds "9"]
[EventCountry "SUI"]
[SourceTitle "EXT 2004"]
[Source "ChessBase"]
[SourceDate "2003.11.25"]
[SourceVersion "1"]
[SourceVersionDate "2003.11.25"]
[SourceQuality "1"]
[WhiteTeam "Sorab"]
[BlackTeam "Bern"]
[WhiteTeamCountry "SUI"]
[BlackTeamCountry "SUI"]

1. e4 c5 2. c3 d5 3. exd5 Qxd5 4. d4 e6 5. Na3 Nf6 6. Nf3 Nc6 7. Be3 cxd4 8. Nb5 Qd8 9. Nbxd4 Nxd4 10. Bxd4 Be7 11. Bd3 0-0 12. Qc2 g6 13. 0-0-0 Qa5 14. h4 Rd8 15. Kb1 e5 16. Nxe5 Be6 17. Nc4 Qd5 18. b3 Rac8 19. h5 Nxh5 20. f3 Ng3 21. Rhe1 Qg5 22. Qf2 Nf5 23. Bxa7 b5 24. Nb2 Rxc3 25. g4 Nh4 26. Bd4 Bc5 27. Bxc5 Rxc5 28. f4 Qe7 29. f5 gxf5 30. Rh1 Ng6 31. gxf5 Rxd3 32. Nxd3 Bxf5 33. Ka1 Rd5 34. Nb2 Re5 35. Qd2 Bg4 36. Qd8+ Qxd8 37. Rxd8+ Kg7 38. Nd3 Re2 39. Rd4 h5 40. Nf4 Nxf4 41. Rxf4 f5 42. a4 bxa4 43. bxa4 Re5 44. Kb2 Kg6 45. Ra1 Kg5 46. Rf2 h4 47. a5 Re2+ 48. Rxe2 Bxe2 49. a6 Bxa6 50. Rxa6 h3 51. Ra7 Kg4 52. Kc2 h2 53. Rh7 Kg3 54. Kd2 Kg2 55. Ke2 h1Q 56. Rg7+ Kh3 57. Rh7+ Kg2 1/2-1/2

[Event "SUI-chT"]
[Site "Switzerland"]
[Date "2001.10.27"]
[Round "8.3"]
[White "Franzoni, Giancarlo"]
[Black "Loeffler, Markus"]
[Result "1-0"]
[WhiteElo "2430"]
[BlackElo "2368"]
[PlyCount "65"]
[EventDate "2001.03.04"]
[EventType "team-tourn"]
[EventRounds "9"]
[EventCountry "SUI"]
[SourceTitle "EXT 2002"]
[Source "ChessBase"]
[SourceDate "2001.11.25"]
[SourceVersion "1"]
[SourceVersionDate "2001.11.25"]
[SourceQuality "1"]
[WhiteTeam "Bern"]
[BlackTeam "Riehen"]
[WhiteTeamCountry "SUI"]
[BlackTeamCountry "SUI"]

1. e4 c5 2. Nc3 a6 3. g3 b5 4. Bg2 Bb7 5. Nge2 e6 6. 0-0 Nf6 7. d3 b4 8. Na4 d5 9. exd5 Bxd5 10. Bxd5 Nxd5 11. Nf4 Nxf4 12. Bxf4 Nc6 13. Be3 Qa5 14. b3 Be7 15. a3 bxa3 16. Rxa3 0-0 17. Ra1 Qb4 18. Bd2 Qb7 19. Bc3 Rfd8 20. Nb2 Bf8 21. Nc4 Rd5 22. Qf3 Rd7 23. Kg2 Ne7 24. Nb6 Qxb6 25. Qxa8 Nd5 26. Rxa6 Qb5 27. Ra5 Qb6 28. Bd2 Rd8 29. Qa6 Qc7 30. Qc4 Nb6 31. Qe4 Rd4 32. Qf3 c4 33. Bc3 1-0

[Event "SUI-chT"]
[Site "Switzerland"]
[Date "2001.09.08"]
[Round "6.1"]
[White "Godena, Michele"]
[Black "Franzoni, Giancarlo"]
[Result "1-0"]
[WhiteElo "2483"]
[BlackElo "2430"]
[PlyCount "89"]
[EventDate "2001.03.04"]
[EventType "team-tourn"]
[EventRounds "9"]
[EventCountry "SUI"]
[SourceTitle "EXT 2002"]
[Source "ChessBase"]
[SourceDate "2001.11.25"]
[SourceVersion "1"]
[SourceVersionDate "2001.11.25"]
[SourceQuality "1"]
[WhiteTeam "Mendrisio"]
[BlackTeam "Bern"]
[WhiteTeamCountry "SUI"]
[BlackTeamCountry "SUI"]

1. e4 c5 2. Nf3 e6 3. c3 d5 4. exd5 Qxd5 5. d4 Nf6 6. Na3 Be7 7. Nb5 Qd8 8. dxc5 Bxc5 9. Qxd8+ Kxd8 10. Bf4 Nd5 11. 0-0-0 Ke7 12. Bg3 Bd7 13. Bc4 Bxb5 14. Bxb5 Rc8 15. Rhe1 Nf6 16. Nd4 Kf8 17. Be2 a6 18. f4 Nc6 19. Nxc6 bxc6 20. Bf3 g6 21. Bh4 Nd5 22. c4 Nb6 23. b3 Ra7 24. g4 Rd7 25. Kc2 Bb4 26. Rxd7 Nxd7 27. Rd1 Ke8 28. Bf2 Be7 29. h4 Rc7 30. h5 gxh5 31. gxh5 h6 32. Rg1 Kf8 33. f5 Bg5 34. Bg3 Rc8 35. Bd6+ Kg7 36. Bg4 Re8 37. Re1 Kf6 38. Bf3 Rc8 39. Be4 e5 40. c5 Bf4 41. Rg1 Bg5 42. b4 Kg7 43. f6+ Kg8 44. Bf5 Rd8 45. Bc7 1-0

[Event "Bern Ambassador op"]
[Site "Bern"]
[Date "2000.12.30"]
[Round "7"]
[White "Franzoni, Giancarlo"]
[Black "Goldstern, Filip Daniel"]
[Result "1-0"]
[WhiteElo "2430"]
[BlackElo "2403"]
[PlyCount "73"]
[EventDate "2000.12.26"]
[EventType "swiss"]
[EventRounds "7"]
[EventCountry "SUI"]
[SourceTitle "EXT 2002"]
[Source "ChessBase"]
[SourceDate "2001.11.25"]
[SourceVersion "1"]
[SourceVersionDate "2001.11.25"]
[SourceQuality "1"]

1. e4 c5 2. Nf3 e6 3. d3 Nc6 4. g3 d5 5. Qe2 Nf6 6. Bg2 Be7 7. 0-0 0-0 8. e5 Ne8 9. c3 Bd7 10. h4 Nc7 11. Bf4 b5 12. Nbd2 a5 13. Rfe1 Rc8 14. Rac1 c4 15. d4 b4 16. Ng5 a4 17. a3 bxc3 18. bxc3 Be8 19. Qg4 Bxa3 20. Rc2 Rb8 21. Ndf3 h6 22. Ne4 dxe4 23. Bxh6 g6 24. Ng5 f5 25. exf6 Qxf6 26. Bxf8 Bxf8 27. Rxe4 e5 28. Qe2 exd4 29. Qxc4+ Kh8 30. cxd4 Rb4 31. Qa2 Bd6 32. Rxe8+ Nxe8 33. Bxc6 Nc7 34. Bxa4 Rxd4 35. Qf7 Qe7 36. Rxc7 Qxc7 37. Qe8+ 1-0

[Event "Bern Ambassador op"]
[Site "Bern"]
[Date "2000.12.29"]
[Round "6"]
[White "Curien, Nicolas"]
[Black "Franzoni, Giancarlo"]
[Result "0-1"]
[WhiteElo "2218"]
[BlackElo "2430"]
[PlyCount "102"]
[EventDate "2000.12.26"]
[EventType "swiss"]
[EventRounds "7"]
[EventCountry "SUI"]
[SourceTitle "EXT 2002"]
[Source "ChessBase"]
[SourceDate "2001.11.25"]
[SourceVersion "1"]
[SourceVersionDate "2001.11.25"]
[SourceQuality "1"]

1. d4 Nf6 2. Bg5 Ne4 3. Bf4 d5 4. e3 c5 5. Nd2 cxd4 6. exd4 Qb6 7. Nxe4 dxe4 8. Rb1 Bf5 9. g4 Bd7 10. Bg2 e5 11. Be3 exd4 12. Qxd4 Qxd4 13. Bxd4 Nc6 14. Bc3 Bxg4 15. Bxe4 0-0-0 16. f3 Be6 17. Ne2 Bxa2 18. Rd1 Rxd1+ 19. Kxd1 Bc4 20. b3 Be6 21. Nf4 Bd7 22. Nh5 f6 23. Rg1 Ne5 24. Kc1 Ng6 25. Kb2 Kc7 26. Rd1 b6 27. Bd4 Be6 28. c4 Rg8 29. Kc3 a5 30. Be3 Be7 31. Nf4 Bb4+ 32. Kc2 Nxf4 33. Bxf4+ Kc8 34. Bxh7 Rh8 35. Bg6 Rh4 36. Bg3 Rh6 37. Be4 f5 38. Bd5 g5 39. Bxe6+ Rxe6 40. Kd3 Kb7 41. h4 f4 42. Bf2 gxh4 43. Rh1 Be7 44. Bd4 Kc6 45. Rh2 b5 46. cxb5+ Kxb5 47. Rh3 Bd8 48. Kc3 Rg6 49. Bf2 Rg3 50. Rh2 Rxf3+ 51. Kc2 h3 0-1

[Event "SUI-chT"]
[Site "Switzerland"]
[Date "2000.??.??"]
[Round "?"]
[White "Franzoni, Giancarlo"]
[Black "Adler, Joel Arturo Manuel"]
[Result "1-0"]
[WhiteElo "2430"]
[BlackElo "2268"]
[PlyCount "105"]
[EventDate "2000.02.??"]
[EventType "team-tourn"]
[EventRounds "9"]
[EventCountry "SUI"]
[SourceTitle "EXT 2001"]
[Source "ChessBase"]
[SourceDate "2000.11.22"]
[SourceVersion "1"]
[SourceVersionDate "2000.11.22"]
[SourceQuality "1"]

1. e4 c5 2. Nc3 Nc6 3. Nf3 e6 4. d4 cxd4 5. Nxd4 Qc7 6. Be2 a6 7. 0-0 Nf6 8. Kh1 Nxd4 9. Qxd4 Bc5 10. Qd3 b5 11. f4 Bb7 12. Bf3 0-0 13. e5 Ne8 14. Bxb7 Qxb7 15. f5 f6 16. exf6 Nxf6 17. Bg5 Ng4 18. Ne4 Qc7 19. Bf4 Qa7 20. h3 Nf2+ 21. Nxf2 Bxf2 22. Qd2 Bc5 23. Bd6 Bxd6 24. Qxd6 exf5 25. Qd5+ Kh8 26. Rxf5 Rxf5 27. Qxf5 Qd4 28. c3 Qd2 29. Rf1 h6 30. Qf2 Qd3 31. Qf3 Qxf3 32. Rxf3 Re8 33. Rf2 Re1+ 34. Kh2 Rd1 35. Kg3 d5 36. Kf3 d4 37. Ke2 Rb1 38. Kd3 dxc3 39. Kxc3 Rc1+ 40. Kb3 Rc4 41. Rc2 Ra4 42. Rc6 Kh7 43. a3 g5 44. Ka2 Kg7 45. b4 Kh7 46. g3 Kg7 47. h4 gxh4 48. gxh4 Kh7 49. h5 Kg7 50. Rg6+ Kh7 51. Rb6 Kg7 52. Kb3 Kh7 53. Rg6 1-0

[Event "SUI-chT"]
[Site "Switzerland"]
[Date "2000.??.??"]
[Round "?"]
[White "Gruenenwald, Joerg"]
[Black "Franzoni, Giancarlo"]
[Result "1/2-1/2"]
[WhiteElo "2362"]
[BlackElo "2430"]
[PlyCount "140"]
[EventDate "2000.02.??"]
[EventType "team-tourn"]
[EventRounds "9"]
[EventCountry "SUI"]
[SourceTitle "EXT 2001"]
[Source "ChessBase"]
[SourceDate "2000.11.22"]
[SourceVersion "1"]
[SourceVersionDate "2000.11.22"]
[SourceQuality "1"]

1. d4 d5 2. Bg5 c6 3. Nf3 Nd7 4. e3 Ngf6 5. Bd3 g6 6. 0-0 Bg7 7. c4 dxc4 8. Bxc4 0-0 9. Nc3 c5 10. h3 cxd4 11. exd4 Nb6 12. Bb3 Bd7 13. Re1 Bc6 14. Ne5 Bd5 15. Nxd5 Nfxd5 16. Bh4 Qd6 17. a3 e6 18. Qf3 Rac8 19. Bg3 Qd8 20. Rac1 Rxc1 21. Rxc1 Qg5 22. Rc2 Qe7 23. Qe2 Rd8 24. Nf3 Qe8 25. Kh2 Rc8 26. Rxc8 Qxc8 27. Qb5 Qd7 28. Qc5 Bf8 29. Qa5 a6 30. Ne5 Qb5 31. Qxb5 axb5 32. Kg1 f6 33. Nd3 Kf7 34. Kf1 Ke8 35. Ke2 Kd7 36. f3 Kc6 37. Be1 Bd6 38. h4 Nc4 39. a4 Ncb6 40. axb5+ Kxb5 41. g3 Nc8 42. f4 Nce7 43. Bf2 b6 44. Kf3 h5 45. Ke4 Bc7 46. Be1 Nf5 47. Nc1 Kc6 48. Ne2 Nd6+ 49. Kf3 b5 50. Bc2 Nf5 51. Bf2 Ba5 52. Be4 Nfe7 53. Nc1 Bb6 54. Ke2 Nf5 55. Kd3 Kd6 56. Ne2 Nb4+ 57. Kc3 Ba5 58. Kb3 Nd5 59. Nc3 Nxc3 60. bxc3 Ne7 61. Be1 f5 62. Bf3 Nd5 63. Be2 Nc7 64. Bf3 Ne8 65. Be2 Kc6 66. Bf3+ Kd6 67. Be2 Nc7 68. Bf3 Nd5 69. Be2 Kc6 70. Bxb5+ Kxb5 1/2-1/2

[Event "SUI-chT"]
[Site "Switzerland"]
[Date "1998.11.08"]
[Round "9.6"]
[White "Schild, Christophe"]
[Black "Franzoni, Giancarlo"]
[Result "1/2-1/2"]
[WhiteElo "2105"]
[BlackElo "2440"]
[PlyCount "131"]
[EventDate "1998.03.29"]
[EventType "team-tourn"]
[EventRounds "9"]
[EventCountry "SUI"]
[SourceTitle "EXT 2006"]
[Source "ChessBase"]
[SourceDate "2005.11.24"]
[SourceVersion "1"]
[SourceVersionDate "2005.11.24"]
[SourceQuality "1"]

1. e4 c5 2. c3 e6 3. d4 d5 4. exd5 exd5 5. Nf3 Nc6 6. Be3 c4 7. b3 cxb3 8. axb3 Bd6 9. Bd3 Nge7 10. 0-0 Bg4 11. Nbd2 Bh5 12. Re1 Bg6 13. Nf1 0-0 14. Bg5 Qd7 15. Bxe7 Bxe7 16. Bb5 Bf6 17. Ne5 Bxe5 18. dxe5 Rfd8 19. Ng3 Qc8 20. Bxc6 bxc6 21. b4 c5 22. bxc5 Qxc5 23. Qd4 Qxd4 24. cxd4 a5 25. f4 Bc2 26. Ra3 a4 27. Kf2 Rdc8 28. Rc1 g6 29. Ke3 Rab8 30. Kd2 Rb2 31. Ke1 Rc4 32. Ne2 Bb3 33. Rxc4 Bxc4 34. Nc3 Rxg2 35. Rxa4 Rxh2 36. Ra8+ Kg7 37. Ra7 Rc2 38. Na4 Re2+ 39. Kd1 Re4 40. Nc5 Rxd4+ 41. Kc2 Kh6 42. Rxf7 Bb5 43. Ne6 Rc4+ 44. Kd2 Kh5 45. Rxh7+ Kg4 46. Rg7 Kf5 47. Nc7 Ba4 48. Kd3 Rxf4 49. Rf7+ Kxe5 50. Rxf4 Kxf4 51. Nxd5+ Kf3 52. Ne7 g5 53. Ng6 Be8 54. Ne5+ Kf4 55. Kd4 Bb5 56. Kd5 Be2 57. Ke6 Bg4+ 58. Kd5 Bf5 59. Kd4 Bb1 60. Kd5 Bc2 61. Ke6 Be4 62. Kd6 Bb1 63. Kd5 Kf5 64. Kd4 Ba2 65. Nf3 g4 66. Nh2 1/2-1/2

[Event "SUI-chT"]
[Site "Switzerland"]
[Date "1998.06.07"]
[Round "3.4"]
[White "Franzoni, Giancarlo"]
[Black "Buehler, Beat"]
[Result "1-0"]
[WhiteElo "2440"]
[BlackElo "2205"]
[PlyCount "47"]
[EventDate "1998.03.29"]
[EventType "team-tourn"]
[EventRounds "9"]
[EventCountry "SUI"]
[SourceTitle "EXT 2006"]
[Source "ChessBase"]
[SourceDate "2005.11.24"]
[SourceVersion "1"]
[SourceVersionDate "2005.11.24"]
[SourceQuality "1"]

1. e4 c5 2. Nc3 Nc6 3. Nge2 d6 4. d4 cxd4 5. Nxd4 Nf6 6. Nb3 e6 7. Bd3 Be7 8. 0-0 a6 9. f4 0-0 10. Qf3 e5 11. Nd5 Nd7 12. Nxe7+ Qxe7 13. f5 Nb4 14. Qg3 Kh8 15. Bd2 Nxd3 16. cxd3 f6 17. Qh4 Nc5 18. Rf3 Rf7 19. Rh3 h6 20. Rf1 Nxb3 21. axb3 Bd7 22. Rff3 Rg8 23. Rfg3 d5 24. Rg6 1-0

[Event "SUI-chT"]
[Site "Switzerland"]
[Date "1997.??.??"]
[Round "?"]
[White "Franzoni, Giancarlo"]
[Black "Nemet, Ivan"]
[Result "1-0"]
[WhiteElo "2455"]
[BlackElo "2410"]
[PlyCount "85"]
[EventDate "1997.??.??"]
[EventType "team-tourn"]
[EventRounds "9"]
[EventCountry "SUI"]
[SourceTitle "EXT 1999"]
[Source "ChessBase"]
[SourceDate "1998.11.16"]
[SourceVersion "1"]
[SourceVersionDate "1998.11.16"]
[SourceQuality "1"]

1. e4 c5 2. Nc3 Nc6 3. Nf3 e6 4. d4 cxd4 5. Nxd4 Qc7 6. g3 a6 7. Bg2 Nf6 8. 0-0 Bc5 9. Nxc6 bxc6 10. Na4 Ba7 11. c4 d6 12. b3 0-0 13. Ba3 Rd8 14. Qe1 Bd4 15. Rd1 e5 16. Bb4 a5 17. Bd2 h6 18. h3 d5 19. exd5 cxd5 20. Bc3 Bd7 21. Bxd4 exd4 22. Qe7 Rac8 23. Rxd4 Bxa4 24. Qxc7 Rxc7 25. bxa4 Rxc4 26. Rxc4 dxc4 27. Rc1 Rc8 28. Kf1 Nd7 29. Ke1 Nc5 30. Bf1 Re8+ 31. Kd1 Nxa4 32. Bxc4 Nb2+ 33. Kd2 Rd8+ 34. Ke2 Rd4 35. Bb3 Rd7 36. Rc2 Re7+ 37. Kf1 a4 38. Rxb2 axb3 39. axb3 Rb7 40. b4 Kf8 41. Ke2 Ke7 42. Kd3 Kd6 43. Kc4 1-0

[Event "SUI-chT"]
[Site "Switzerland"]
[Date "1997.??.??"]
[Round "?"]
[White "Franzoni, Giancarlo"]
[Black "Preissmann, Emmanuel"]
[Result "0-1"]
[WhiteElo "2455"]
[BlackElo "2365"]
[PlyCount "103"]
[EventDate "1997.??.??"]
[EventType "team-tourn"]
[EventRounds "9"]
[EventCountry "SUI"]
[SourceTitle "EXT 1999"]
[Source "ChessBase"]
[SourceDate "1998.11.16"]
[SourceVersion "1"]
[SourceVersionDate "1998.11.16"]
[SourceQuality "1"]

1. e4 d5 2. exd5 Nf6 3. Nf3 Nxd5 4. d4 g6 5. Be2 Bg7 6. 0-0 0-0 7. Re1 h6 8. c3 Nd7 9. Bc4 e6 10. Nbd2 b6 11. a4 Bb7 12. a5 a6 13. axb6 cxb6 14. Bf1 Qc7 15. Nc4 Rad8 16. Bd2 N5f6 17. Ne3 a5 18. Qe2 Rfe8 19. Rad1 e5 20. Nxe5 Nxe5 21. dxe5 Rxe5 22. Bc1 Rde8 23. Qd2 Bf8 24. Nc4 Rxe1 25. Rxe1 Ng4 26. Ne5 Rxe5 27. Qf4 Qe7 28. Rxe5 Nxe5 29. Be3 Qe6 30. h3 g5 31. Qd4 Bc5 32. Qd8+ Kg7 33. Bxc5 bxc5 34. Qxa5 Qd5 35. Qc7 c4 36. f3 Bc6 37. Qb6 Bd7 38. Qe3 Ng6 39. Kf2 Bf5 40. Be2 Nf4 41. Bf1 Nd3+ 42. Bxd3 Qxd3 43. Qe5+ Kh7 44. Kg3 Qc2 45. h4 gxh4+ 46. Kxh4 Qf2+ 47. Qg3 Qxg3+ 48. Kxg3 Kg6 49. Kf4 Kf6 50. Ke3 Ke5 51. g4 Bb1 52. f4+ 0-1

[Event "SUI-chT"]
[Site "Switzerland"]
[Date "1997.??.??"]
[Round "?"]
[White "Kaenel, Hansjuerg"]
[Black "Franzoni, Giancarlo"]
[Result "1/2-1/2"]
[WhiteElo "2345"]
[BlackElo "2455"]
[PlyCount "35"]
[EventDate "1997.??.??"]
[EventType "team-tourn"]
[EventRounds "9"]
[EventCountry "SUI"]
[SourceTitle "EXT 1999"]
[Source "ChessBase"]
[SourceDate "1998.11.16"]
[SourceVersion "1"]
[SourceVersionDate "1998.11.16"]
[SourceQuality "1"]

1. Nf3 Nf6 2. e3 d5 3. c4 c6 4. d4 g6 5. Nbd2 Bg7 6. b4 0-0 7. a4 Bg4 8. Qb3 Nbd7 9. Bb2 Bxf3 10. Nxf3 a6 11. Be2 e6 12. 0-0 Qb8 13. b5 axb5 14. axb5 Rxa1 15. Rxa1 c5 16. dxc5 Nxc5 17. Qa3 Ncd7 18. cxd5 1/2-1/2

[Event "Olympiad-32"]
[Site "Yerevan"]
[Date "1996.09.24"]
[Round "8.3"]
[White "Kuczynski, Robert"]
[Black "Franzoni, Giancarlo"]
[Result "1/2-1/2"]
[WhiteElo "2510"]
[BlackElo "2460"]
[PlyCount "108"]
[EventDate "1996.09.15"]
[EventType "team-swiss"]
[EventRounds "14"]
[EventCountry "ARM"]
[SourceTitle "CBM 055"]
[Source "ChessBase"]
[SourceDate "1996.12.01"]
[SourceVersion "1"]
[SourceVersionDate "1996.12.01"]
[SourceQuality "1"]
[WhiteTeam "Poland"]
[BlackTeam "Switzerland"]
[WhiteTeamCountry "POL"]
[BlackTeamCountry "SUI"]

1. e4 c5 2. Nf3 e6 3. d4 cxd4 4. Nxd4 Nc6 5. Nc3 Qc7 6. Be2 a6 7. 0-0 Nf6 8. Be3 Bb4 9. Na4 Be7 10. c4 Nxe4 11. c5 0-0 12. Rc1 Rb8 13. g3 f5 14. Bd3 Ng5 15. f4 Nf7 16. Nb6 Nxd4 17. Bxd4 d6 18. cxd6 Qxd6 19. Bc4 Bd8 20. Nxc8 Rxc8 21. Bf2 Re8 22. Qb3 Qe7 23. Rce1 Rc6 24. Bd5 Rd6 25. Bxb7 Bb6 26. Bf3 Qa7 27. Bxb6 Qxb6+ 28. Qxb6 Rxb6 29. Rf2 Rd8 30. Rfe2 Rdd6 31. Rc1 g6 32. Rc7 Kg7 33. Rec2 Kf6 34. Be2 h5 35. Ra7 Nd8 36. Kf2 e5 37. fxe5+ Kxe5 38. Rc5+ Kf6 39. Rc2 Nc6 40. Ra8 Nb4 41. Rf8+ Kg7 42. Rcc8 Nd3+ 43. Bxd3 Rxd3 44. Rg8+ Kf6 45. Rc2 Kg5 46. Rgc8 Rbd6 47. Re2 h4 48. Rc4 hxg3+ 49. hxg3 R6d4 50. Rxd4 Rxd4 51. Re6 Rd2+ 52. Kf3 Rxb2 53. Rxa6 Rc2 54. Ra4 Rc3+ 1/2-1/2

[Event "SUI-chT"]
[Site "Switzerland"]
[Date "1996.??.??"]
[Round "1"]
[White "Belotti, Bruno"]
[Black "Franzoni, Giancarlo"]
[Result "0-1"]
[WhiteElo "2400"]
[BlackElo "2460"]
[PlyCount "152"]
[EventDate "1996.??.??"]
[EventType "team-tourn"]
[EventRounds "9"]
[EventCountry "SUI"]
[SourceTitle "CBM 055 Extra"]
[Source "ChessBase"]
[SourceDate "1997.01.01"]
[SourceVersion "1"]
[SourceVersionDate "1997.01.01"]
[SourceQuality "1"]

1. e4 c5 2. Nf3 e6 3. d3 a6 4. g3 b5 5. Bg2 Bb7 6. 0-0 Nc6 7. Re1 d6 8. c3 Ne5 9. d4 Nxf3+ 10. Bxf3 Be7 11. Bf4 Nf6 12. Nd2 0-0 13. dxc5 dxc5 14. c4 Nd7 15. Qe2 Qb6 16. e5 Bxf3 17. Qxf3 Rad8 18. h4 Nb8 19. Qg4 Kh8 20. Qh5 Nc6 21. Re4 Rd4 22. Rae1 Qa5 23. Rxd4 Nxd4 24. a3 bxc4 25. Rc1 Qb5 26. Nxc4 Qb7 27. Be3 Nf3+ 28. Kf1 Qe4 29. b3 Kg8 30. Rd1 g6 31. Qh6 Nxe5 32. Nxe5 Qxe5 33. b4 cxb4 34. axb4 Bf6 35. Kg1 Bg7 36. Qf4 Qxf4 37. Bxf4 e5 38. Be3 Rb8 39. Ra1 Rxb4 40. Rxa6 Rb8 41. h5 gxh5 42. Ra4 Bf6 43. Bh6 Be7 44. Ra7 Bf8 45. Ra6 Bg7 46. Bg5 Rf8 47. Be7 Re8 48. Bg5 f5 49. Bh6 Re7 50. Bg5 Rb7 51. Bh6 Kf7 52. Bxg7 Kxg7 53. Re6 e4 54. Kg2 Rb2 55. Kf1 Ra2 56. Kg1 Ra3 57. Kg2 Rf3 58. Ra6 h4 59. gxh4 Rf4 60. Kg3 Rg4+ 61. Kh3 Rg1 62. Kh2 Rg6 63. Ra7+ Kf6 64. Rxh7 f4 65. Ra7 Kf5 66. Ra5+ Kg4 67. Kg2 f3+ 68. Kf1 Rb6 69. Ra1 Kxh4 70. Ke1 e3 71. fxe3 Kg3 72. Kd2 Rd6+ 73. Kc3 f2 74. e4 Kf4 75. Rf1 Ke3 76. Kc4 Rd4+ 0-1

[Event "SUI-chT"]
[Site "Switzerland"]
[Date "1996.??.??"]
[Round "9"]
[White "Danner, Georg"]
[Black "Franzoni, Giancarlo"]
[Result "1/2-1/2"]
[WhiteElo "2375"]
[BlackElo "2460"]
[PlyCount "37"]
[EventDate "1996.??.??"]
[EventType "team-tourn"]
[EventRounds "9"]
[EventCountry "SUI"]
[SourceTitle "CBM 055 Extra"]
[Source "ChessBase"]
[SourceDate "1997.01.01"]
[SourceVersion "1"]
[SourceVersionDate "1997.01.01"]
[SourceQuality "1"]

1. d4 Nf6 2. Nf3 e6 3. e3 c5 4. Bd3 b6 5. 0-0 Be7 6. c4 0-0 7. Nc3 d5 8. cxd5 exd5 9. b3 Nc6 10. Ne2 Nb4 11. Bb1 Ba6 12. Bb2 c4 13. Ne5 cxb3 14. axb3 Bb5 15. f3 a5 16. Rf2 Nd7 17. Nc3 Ba6 18. Na2 Bb5 19. Nc3 1/2-1/2

[Event "Neuchatel op"]
[Site "Neuchatel"]
[Date "1996.??.??"]
[Round "6"]
[White "Velz, T."]
[Black "Franzoni, Giancarlo"]
[Result "0-1"]
[WhiteElo "2295"]
[BlackElo "2455"]
[PlyCount "76"]
[EventDate "1996.05.??"]
[EventType "swiss"]
[EventRounds "7"]
[EventCountry "SUI"]
[SourceTitle "EXT 1997"]
[Source "ChessBase"]
[SourceDate "1996.11.15"]
[SourceVersion "1"]
[SourceVersionDate "1996.11.15"]
[SourceQuality "1"]

1. d4 Nf6 2. Nf3 e6 3. Bg5 c5 4. c3 cxd4 5. cxd4 d5 6. Nc3 Nc6 7. Bxf6 Qxf6 8. e3 Bd6 9. Bd3 0-0 10. 0-0 Qh6 11. e4 Nxd4 12. g3 Nxf3+ 13. Qxf3 d4 14. Nb5 e5 15. Bc4 Bd7 16. Rac1 Bc6 17. Qe2 a6 18. Nxd6 Qxd6 19. f4 Rad8 20. fxe5 Qxe5 21. Rf5 Qxe4 22. Qxe4 Bxe4 23. Rf4 Bg6 24. Rd1 d3 25. a4 h6 26. Rd2 Rd6 27. Kf2 Rfd8 28. Ke3 Re8+ 29. Kf2 Re5 30. b4 b5 31. axb5 axb5 32. Ba2 Kf8 33. g4 Ke7 34. h4 h5 35. g5 f6 36. gxf6+ Rxf6 37. Rxf6 Kxf6 38. Kg3 Re3+ 0-1

[Event "SUI-chT"]
[Site "Switzerland"]
[Date "1996.??.??"]
[Round "7"]
[White "Zueger, Beat"]
[Black "Franzoni, Giancarlo"]
[Result "1/2-1/2"]
[WhiteElo "2460"]
[BlackElo "2460"]
[PlyCount "87"]
[EventDate "1996.??.??"]
[EventType "team-tourn"]
[EventRounds "9"]
[EventCountry "SUI"]
[SourceTitle "CBM 055 Extra"]
[Source "ChessBase"]
[SourceDate "1997.01.01"]
[SourceVersion "1"]
[SourceVersionDate "1997.01.01"]
[SourceQuality "1"]

1. Nf3 Nf6 2. c4 e6 3. g3 d5 4. d4 Be7 5. Bg2 0-0 6. 0-0 dxc4 7. Qc2 a6 8. a4 Bd7 9. Qxc4 Bc6 10. Bg5 Bd5 11. Qd3 Be4 12. Qe3 Bxb1 13. Raxb1 Nd5 14. Bxe7 Qxe7 15. Qa3 Nc6 16. Qxe7 Ncxe7 17. Rfc1 Rac8 18. b4 c6 19. e3 Nb6 20. a5 Nbd5 21. Ne5 Rfd8 22. Nd3 Rb8 23. Nc5 Kf8 24. Rb3 Nf6 25. Bf3 Nd7 26. Kg2 Ke8 27. Rcb1 Nd5 28. R1b2 Nc7 29. Be2 Ke7 30. f4 Nb5 31. Nxd7 Kxd7 32. Rc2 Nc7 33. Bf3 Ke7 34. Rc5 Ne8 35. Kf2 Nf6 36. Ke2 Nd7 37. Rc1 Re8 38. Rd3 f5 39. g4 g6 40. Rd2 Nf6 41. h3 Red8 42. Rc5 h5 43. g5 Nd5 44. Bxd5 1/2-1/2

[Event "SUI-chT"]
[Site "Switzerland"]
[Date "1995.??.??"]
[Round "5"]
[White "Franzoni, Giancarlo"]
[Black "Costa, Jean Luc"]
[Result "1-0"]
[WhiteElo "2445"]
[BlackElo "2440"]
[PlyCount "66"]
[EventDate "1995.??.??"]
[EventType "team-tourn"]
[EventRounds "9"]
[EventCountry "SUI"]
[SourceTitle "CBM 049 Extra"]
[Source "ChessBase"]
[SourceDate "1996.01.01"]
[SourceVersion "1"]
[SourceVersionDate "1996.01.01"]
[SourceQuality "1"]

1. e4 e6 2. d4 d5 3. Nc3 dxe4 4. Nxe4 Bd7 5. Nf3 Bc6 6. Bd3 Nd7 7. 0-0 Ngf6 8. Ned2 Be7 9. b3 0-0 10. Bb2 Re8 11. Re1 Bf8 12. c4 g6 13. Qc2 Bxf3 14. Nxf3 c6 15. Bf1 Qc7 16. g3 a5 17. a3 Red8 18. Bg2 Rac8 19. Rac1 Qb8 20. Rcd1 Qa7 21. Bc1 Bg7 22. Be3 Qa6 23. Bf1 b6 24. Bf4 Bf8 25. Qa2 Qb7 26. Bg2 h6 27. h3 b5 28. g4 a4 29. b4 Nb6 30. Ne5 bxc4 31. Nxc4 Nxc4 32. Qxc4 Nd5 33. Bxd5 Qe7 1-0